000 00575nam a22002297a 4500
003 UA-OsUOA
001 100673
007 ta
008 20130529b un ||||| |||| 00| 0 ukr d
100 _aФукунага Т.
090 _a821.521
_bФ94
942 _cBK
040 _aUA-OsUOA
_brus
_cUA-OsUOA
_dUA-OsUOA
245 _aОстрів смерті
300 _a508 с.
955 _a3
041 _arus
080 _a821.521
260 _aК.
_bДніпро
_c1983
650 7 _a82 Література. Літературознавство
_2UDC
999 _c386854
_d386854